100 Premier League Appearances: Tottenham Hotspur - Statistics

General Stats
  • This quiz has been taken 39 times
  • The average score is 9 of 19
Answers on the Grid
Answers color-coded by a green-red scale on the quiz's grid according to % correct below.
Nico Kranjcar
Emerson Royal
Heung-Min Son
William Gallas
Harry Kane
Tom Huddlestone
Davinson Sanchez
Nacer Chadli
Rafael van der Vaart
Ledley King
Pascal Chimbonda
Luka Modric
Roberto Soldado
Robbie Keane
Teddy Sheringham
Harry Winks
Danny Rose
Erik Lamela
Oliver Skipp
Les Ferdinand
Gareth Bale
Edgar Davids
Christian Eriksen
Cristian Romero
Moussa Sissoko
Colin Calderwood
Toby Alderweireld
Dimitar Berbatov
Vedran Corluka
Michael Dawson
 
Answer Stats
Answer % Correct
Harry Kane
91%
Heung-Min Son
91%
Christian Eriksen
64%
Toby Alderweireld
64%
Danny Rose
59%
Ledley King
59%
Teddy Sheringham
59%
Erik Lamela
50%
Gareth Bale
50%
Cristian Romero
45%
Michael Dawson
45%
Moussa Sissoko
45%
Robbie Keane
45%
Luka Modric
41%
Harry Winks
36%
Davinson Sanchez
27%
Les Ferdinand
27%
Tom Huddlestone
18%
Colin Calderwood
5%
No matching quizzes found
Score Distribution
Percent of People with Each Score
Percentile by Number Answered
Your Score History
You have not taken this quiz